gminy powiatu sandomierskiego - Statystyki

Ogólne statystyki
  • Ten quiz został rozwiązany 159 razy
  • Średni wynik to 5 z 9
Odpowiedzi na mapie
Odpowiedzi zakodowano w zielono-czerwonej skali na mapie do tego quizu, zgodnie z poniższymi procentami.
 
Statystyki odpowiedzi
Gmina Odpowiedź % Poprawnych
miejska Sandomierz
92%
wiejska Dwikozy
61%
miejsko-wiejska Zawichost
59%
miejsko-wiejska Koprzywnica
55%
wiejska Samborzec
52%
miejsko-wiejska Klimontów
48%
wiejska Obrazów
42%
wiejska Łoniów
41%
wiejska Wilczyce
36%
Nie znaleziono quizów pasujących do podanych kryteriów
Rozkład punktacji
Procent ludzi z każdym wynikiem
Percentyl według liczby udzielonych odpowiedzi
Twoja historia wyników
Nie rozwiązałeś tego quizu